Vedecké centrum v Belehrade

Gespeichert in:
Bibliographische Detailangaben
1. Verfasser: Cambelová, Katarína, 1987- (Verfasst von)
Weitere Verfasser: Čerešňová, Zuzana, 1973- (Betreuung Doktorarbeit)
Format: Manuskript Buch
Sprache:Slowakisch
Veröffentlicht: Bratislava : STU v Bratislave FA, 2011
Schlagworte:
Online-Zugang:VAIS
Tags: Tag hinzufügen
Keine Tags, Fügen Sie das erste Tag hinzu!

MARC

LEADER 00000ntm a22000003a 4500
001 stu230366
005 20210615111702.4
008 110708s2011----xo------------------slo-d
040 |a STU  |b slo 
041 0 |a slo 
044 |a xo 
100 1 |a Cambelová, Katarína,  |d 1987-  |4 aut  |u A  |T FAD Fakulta architektúry  |X 28171  |U A  |Y 50  |7 A000028171 
242 0 0 |a Centre for promotion of science  |y eng 
245 1 |a Vedecké centrum v Belehrade 
260 |a Bratislava :  |b STU v Bratislave FA,  |c 2011 
650 7 |a architektúra  |2 stusub 
650 7 |a architecture  |2 estusub 
650 7 |a science  |2 estusub 
650 7 |a veda  |2 stusub 
700 1 |a Čerešňová, Zuzana,  |d 1973-  |4 ths  |u A8180  |U FAD Fakulta architektúry  |U FAD Fakulta architektúry  |T FA Ústav architektúry občianskych budov  |X 470  |U A8180  |Y 399  |7 A000000470 
856 4 |a info a plný text  |u http://is.stuba.sk/zp/portal_zp.pl?podrobnosti=71865  |u https://opac.crzp.sk/?fn=detailBiblioForm&sid=FB3FA775908569BA0C3BC7F1CA6C  |3 VAIS